000 00535nam a2200193Ia 4500
005 20250326144931.0
008 250326s9999 xx 000 0 und d
020 _a81-7446-400-X
037 _aTextbook
040 _aFMSL
_beng
_cFMSL
041 _aeng
_2eng
084 _aX8(A).44 P4
_qFMSL
100 _aSingh B D
245 0 _aIndustrial relations emerging paradigms
_cSingh B D
260 _aNew Delhi
_bNew Delhi, Excel Books
_c2004
300 _a420p
942 _cTB
_hX8(A).44 P4
999 _c1305688
_d1305688